[Event "I Memorial Andre Sartori - ALEX 2017"]
[Site "Rio de Janeiro | BRA"]
[Date "2017.07.04"]
[Round "1.1"]
[White "Simoes, Leo"]
[Black "Von Calmbach, Guilherme"]
[Result "1-0"]
[WhiteElo "2047"]
[BlackElo "1787"]

1. e4 e5 2. Nf3 Nc6 3. Bb5 a6 4. Ba4 b5 5. Bb3 Nf6 6. O-O Be7 7. Re1 d6 8. h3
Na5 9. c3 Nxb3 10. axb3 Bb7 11. d3 O-O 12. Nbd2 Re8 13. Nf1 c5 14. Ng3 Qc7 15.
Nf5 Bf8 16. Bg5 Nd7 17. Nd2 d5 18. Qg4 Re6 19. Nh6+ Rxh6 20. Bxh6 Nf6 21. Qg3
Nh5 22. Qf3 g6 23. Bxf8 Rxf8 24. exd5 Qd6 25. g4 Bxd5 26. Ne4 f5 27. Nxd6 Bxf3
28. gxh5 gxh5 29. Rxa6 Rf6 30. Kh2 {#r} 1-0

[Event "I Memorial Andre Sartori - ALEX 2017"]
[Site "Rio de Janeiro | BRA"]
[Date "2017.07.04"]
[Round "1.2"]
[White "Diaz, Marcos"]
[Black "Lima, Juarez"]
[Result "1/2-1/2"]
[WhiteElo "1696"]
[BlackElo "1989"]

1. d4 f5 2. Nc3 d5 3. Bg5 Nf6 4. e3 e6 5. Be2 Be7 6. Nf3 O-O 7. Ne5 a6 8. h3
b6 9. f3 Nh5 10. f4 Ng3 11. Rg1 Bxg5 12. fxg5 Qxg5 13. Qd2 Nd7 14. O-O-O Nxe5
15. dxe5 Bb7 16. Bf3 Rad8 17. Ne2 Ne4 18. Bxe4 dxe4 19. Qc3 c5 20. Nf4 Qe7 21.
Qb3 Bd5 22. c4 Bb7 23. Qxb6 Bc8 24. Rd6 Rxd6 25. exd6 Qf7 26. Qxc5 Bd7 27. Qe5
g5 28. Ne2 Qh5 29. Nd4 Qh6 30. c5 Rc8 31. Kd2 Kf7 32. Rf1 Qf6 33. Qxf6+ Kxf6
34. b4 Ke5 35. g3 h5 36. Kc3 a5 37. a3 Kd5 38. Rd1 Ke5 39. Kc4 axb4 40. axb4
h4 41. gxh4 gxh4 42. b5 f4 43. c6 Kxd6 44. Nf5+ Ke5 45. Nxh4 Bxc6 46. bxc6
Rxc6+ 47. Kb4 fxe3 48. Ng2 e2 49. Re1 Rc2 50. Kb3 Rd2 51. Kc3 Rd3+ 52. Kc2
Rxh3 53. Rxe2 Kd4 54. Nf4 Rc3+ 55. Kb2 Rc6 56. Re1 e3 57. Ng2 Rc3 58. Nf4 Rc6
59. Ng2 Rb6+ 60. Kc2 Ra6 61. Nxe3 Ra2+ 62. Kb3 Rd2 63. Nc2+ Kd5 64. Kc3 Rh2
65. Ne3+ Kc5 66. Kd3 Rh3 67. Ke4 Kd6 68. Rd1+ Ke7 69. Rg1 Rh7 70. Rg4 Kd6 71.
Nc4+ Ke7 {#d} 1/2-1/2

[Event "I Memorial Andre Sartori - ALEX 2017"]
[Site "Rio de Janeiro | BRA"]
[Date "2017.07.04"]
[Round "1.3"]
[White "Mesquita, Jose Carlos"]
[Black "Pereira, Emmanuel"]
[Result "1-0"]
[WhiteElo "1962"]
[BlackElo "1691"]

1. e4 e5 2. Nf3 Nc6 3. Bb5 a6 4. Bxc6 bxc6 5. d4 exd4 6. Qxd4 h6 7. Nc3 d6 8.
h3 Nf6 9. O-O Be7 10. e5 c5 11. Qe3 dxe5 12. Nxe5 Bb7 13. Qg3 Kf8 14. Rd1 Qc8
15. Nc4 Ne4 16. Nxe4 Bxe4 17. c3 c6 18. Nb6 {#r} 1-0

[Event "I Memorial Andre Sartori - ALEX 2017"]
[Site "Rio de Janeiro | BRA"]
[Date "2017.07.04"]
[Round "1.4"]
[White "Labre, Diogenes"]
[Black "Murilo, Sergio"]
[Result "0-1"]
[WhiteElo "1683"]
[BlackElo "1954"]

1. e4 e6 2. d4 d5 3. Nc3 dxe4 4. Nxe4 Nd7 5. g3 Ngf6 6. Bg5 Be7 7. Nc3 c6 8.
Bg2 Qb6 9. Rb1 O-O 10. Nf3 h6 11. Be3 Qa5 12. O-O Rd8 13. Nd2 Nd5 14. Nxd5
exd5 15. a3 Nf6 16. Nb3 Qc7 17. Nd2 Bf5 18. Bf4 Qd7 19. Re1 Re8 20. Rc1 Bf8
21. Rxe8 Rxe8 22. c4 g5 23. Be3 Ng4 24. Nf1 Bg7 25. cxd5 cxd5 26. Rc5 Nf6 27.
Qc1 Rc8 28. Rxc8+ Qxc8 29. Qxc8+ Bxc8 30. Nd2 Be6 31. Nb3 b6 32. Nd2 Ng4 33.
h3 Nf6 34. f4 g4 35. h4 h5 36. Kf2 Bf5 37. Ke2 Kf8 38. Nb3 Ke7 39. Nc1 Ne4 40.
Bxe4 dxe4 41. Kd2 Kd6 42. Ne2 Kd5 43. Kc3 Kc6 44. b4 Kb5 45. Kb2 Kc4 46. Kc2
a5 47. bxa5 bxa5 48. a4 Bd7 49. Nc3 Bc6 50. Kd2 f5 51. Kc2 Bd7 52. Kd2 Bf6 53.
Kc2 Bc6 54. Kd2 Be7 55. Kc2 Ba3 56. d5 Bxd5 57. Nxd5 Kxd5 58. Kb3 Bb4 59. Ba7
Be1 60. Bb6 Kc6 {#R} 0-1

[Event "I Memorial Andre Sartori - ALEX 2017"]
[Site "Rio de Janeiro | BRA"]
[Date "2017.07.04"]
[Round "1.5"]
[White "Ribeiro Jr., Sairo"]
[Black "Tiomno, Luiz Sergio"]
[Result "1-0"]
[WhiteElo "1927"]
[BlackElo "1651"]

1. d4 e6 2. Nf3 Be7 3. b3 Nf6 4. Nbd2 b6 5. e3 Bb7 6. Bb2 d6 7. Bd3 h6 8. c4
Nbd7 9. Rc1 c5 10. O-O Qc7 11. Re1 Bc6 12. e4 cxd4 13. Nxd4 Nc5 14. Qc2 O-O
15. N2f3 e5 16. Nf5 Nh5 17. g3 Qd8 18. Rcd1 Bd7 19. Bf1 Nf6 20. Nxd6 Bxd6 21.
Rxd6 Ne8 22. Rdd1 f6 23. Bh3 Qc8 24. Rxd7 Nxd7 25. Rd1 f5 26. Bxf5 Rxf5 27.
exf5 Qc6 28. Nxe5 Nxe5 29. Bxe5 Nf6 30. Bxf6 Qxf6 31. Qe4 Rf8 32. Qe6+ Kh7 33.
Qxf6 Rxf6 34. Rd7 a6 35. g4 Rc6 36. h4 b5 37. cxb5 axb5 38. Rb7 Ra6 39. Rxb5
Rxa2 40. Rb7 Ra6 41. b4 Kg8 42. b5 Rd6 43. b6 g5 44. Rb8+ Kg7 45. hxg5 hxg5
46. b7 Rb6 47. Kg2 Rb2 48. f6+ Kf7 49. Rh8 {#r} 1-0

[Event "I Memorial Andre Sartori - ALEX 2017"]
[Site "Rio de Janeiro | BRA"]
[Date "2017.07.04"]
[Round "1.6"]
[White "Da Costa, Carlos Henrique"]
[Black "Cruz, Jose Carlos"]
[Result "0-1"]
[WhiteElo "1623"]
[BlackElo "1896"]

1. d4 d5 2. Bf4 Nc6 3. e3 Bf5 4. c4 e6 5. Nc3 a6 6. c5 Nge7 7. Bd3 Bxd3 8.
Qxd3 Ng6 9. Bg3 Nce7 10. h3 c6 11. Nf3 Nf5 12. Bh2 Nfh4 13. Nxh4 Nxh4 14. O-O
Qg5 15. Bg3 Nf5 16. Bf4 Qd8 17. Qe2 g5 18. Be5 Rg8 19. e4 Nh6 20. exd5 cxd5
21. Qc2 g4 22. Qa4+ Qd7 23. Qxd7+ Kxd7 24. h4 Be7 25. g3 Nf5 26. Ne2 h5 27. b4
Rae8 28. a4 Bd8 29. b5 a5 30. b6 f6 31. Bf4 e5 32. dxe5 fxe5 33. Bd2 Be7 34.
Rfc1 Rc8 35. Bxa5 Bxc5 36. Rab1 Rc6 37. Nc3 Nxg3 38. Nxd5 Ne2+ 39. Kg2 Nxc1
40. Rxc1 Rf8 41. Rc2 Kd6 42. Rd2 Rxf2+ 43. Rxf2 Bxf2 44. Nb4 Rc5 {#R} 0-1

[Event "I Memorial Andre Sartori - ALEX 2017"]
[Site "Rio de Janeiro | BRA"]
[Date "2017.07.04"]
[Round "1.7"]
[White "Lima, Alexandre"]
[Black "Araujo, Bernardo"]
[Result "1/2-1/2"]
[WhiteElo "1886"]
[BlackElo "1539"]

1. d4 d5 2. Nf3 Nf6 3. g3 c6 4. Bg2 e6 5. c4 dxc4 6. Ne5 Be7 7. O-O Nbd7 8.
Nxc4 O-O 9. Nc3 Nb6 10. Ne5 Nbd7 11. Nd3 Nb6 12. Nf4 Nbd5 13. e4 Nxf4 14. Bxf4
Bd7 15. Qc2 b5 16. Rad1 Qb6 17. Be3 Rac8 18. a3 Qc7 19. b4 Rfd8 20. Rc1 a5 21.
Qb2 axb4 22. axb4 Ng4 23. Bf4 Qb6 24. Rfd1 e5 25. dxe5 Be6 26. h3 Nh6 27. Be3
Qb8 28. Ne2 Rxd1+ 29. Rxd1 c5 30. bxc5 Bxc5 31. Bxc5 Rxc5 32. Rd6 g6 33. Qd4
Rc8 34. Rb6 Qc7 35. Rxb5 Bc4 36. Rb2 Ba6 37. Qd6 Qc4 38. Rb8 Qxe2 39. Rxc8+
Bxc8 40. Qd8+ Kg7 41. Qxc8 Qe1+ 42. Kh2 Qxf2 43. Qc3 Kf8 44. e6 fxe6 45. Qh8+
Ng8 46. Qxh7 g5 47. Qg6 Qf6 48. Qh5 Qh6 49. Qg4 Ke7 50. e5 Qg7 51. Qb4+ Kf7
52. Qd6 Ne7 53. Be4 Nc8 54. Qc7+ Ne7 55. Bc2 Qh6 56. Qb7 g4 57. h4 Qd2+ 58.
Qg2 Qe3 59. Qe4 {#d} 1/2-1/2

[Event "I Memorial Andre Sartori - ALEX 2017"]
[Site "Rio de Janeiro | BRA"]
[Date "2017.07.04"]
[Round "1.8"]
[White "Faraco, Pedro"]
[Black "Rabello, David"]
[Result "0-1"]
[WhiteElo "1464"]
[BlackElo "1835"]

1. e4 c5 2. Nf3 g6 3. c3 Bg7 4. d4 cxd4 5. Nxd4 Nc6 6. Be3 Nf6 7. Bd3 d6 8.
Nd2 Ng4 9. Nxc6 bxc6 10. Bf4 Qb6 11. O-O Qxb2 12. h3 Ne5 13. Qc2 Nxd3 14. Qxd3
Qa3 15. Rfc1 Ba6 16. Qc2 Rb8 17. Rab1 O-O 18. Be3 Bb5 19. Rb3 Qa6 20. c4 Ba4
21. Ra3 Rb4 22. Rb1 Bxc2 23. Rxa6 Bxb1 {#R} 0-1

[Event "I Memorial Andre Sartori - ALEX 2017"]
[Site "Rio de Janeiro | BRA"]
[Date "2017.07.11"]
[Round "2.1"]
[White "Cruz, Jose Carlos"]
[Black "Simoes, Leo"]
[Result "0-1"]
[WhiteElo "1896"]
[BlackElo "2047"]

1. d4 Nf6 2. Nf3 g6 3. e3 Bg7 4. c4 O-O 5. Bd3 b6 6. b3 Bb7 7. Bb2 d6 8. d5
Nbd7 9. Nbd2 Nc5 10. Bc2 a5 11. O-O Qe8 12. Re1 e6 13. e4 e5 14. Nf1 Nh5 15.
Bc1 f5 16. Be3 h6 17. Bxc5 bxc5 18. Ng3 Nxg3 19. hxg3 Bc8 20. Nh4 Bf6 21. Nf3
f4 22. Qd2 g5 23. Nh2 g4 24. Qd3 Bg7 25. gxf4 exf4 26. e5 Bf5 27. Qd2 Qh5 28.
Bxf5 Rxf5 29. Rad1 Bxe5 30. Qd3 f3 31. Nf1 fxg2 32. Kxg2 Raf8 33. Re2 Bd4 34.
Ne3 Qh3+ 35. Kg1 g3 36. f4 Kh8 37. Qe4 g2 38. Rxd4 Qh1+ 39. Kf2 {#R} 0-1

[Event "I Memorial Andre Sartori - ALEX 2017"]
[Site "Rio de Janeiro | BRA"]
[Date "2017.07.11"]
[Round "2.2"]
[White "Rabello, David"]
[Black "Mesquita, Jose Carlos"]
[Result "0-1"]
[WhiteElo "1835"]
[BlackElo "1962"]

1. e4 e5 2. Bc4 Nf6 3. Nf3 Nc6 4. d4 exd4 5. O-O Bc5 6. e5 d5 7. exf6 dxc4 8.
Re1+ Be6 9. Ng5 Qd5 10. Nc3 Qf5 11. Nce4 O-O-O 12. Nxe6 fxe6 13. Nxc5 Qxc5 14.
fxg7 Rhg8 15. Bh6 Qf5 16. Qe2 Rde8 17. g4 Qg6 18. g5 Qf5 19. Qxc4 Ne5 20. Rxe5
Qxe5 21. Qd3 Qd5 22. f4 c5 23. b3 Qf5 24. Rf1 Qxd3 25. cxd3 Kd7 26. Re1 Kd6
27. Re5 b6 28. Kf2 Re7 29. h4 Rf7 30. Ke2 Rf5 31. Rxf5 exf5 32. a4 a6 33. h5
Ke6 34. Kf3 b5 35. a5 Kf7 36. Ke2 Re8+ 37. Kd2 Re3 38. g8=Q+ Kxg8 39. g6 hxg6
40. hxg6 Re6 41. Bg5 Rxg6 42. Kc2 Kf7 43. Bd8 Rc6 44. Bb6 Ke6 45. Kd2 Kd5 46.
Ke2 Re6+ 47. Kd2 c4 48. dxc4+ bxc4 49. bxc4+ Kxc4 50. Bc7 Rh6 51. Be5 Rh2+ 52.
Kd1 Kd3 53. Ke1 Ke3 54. Kd1 d3 55. Bf6 { Brancas punidas com derrota por toque
de celular (regra 11.3.2).} {#R} 0-1

[Event "I Memorial Andre Sartori - ALEX 2017"]
[Site "Rio de Janeiro | BRA"]
[Date "2017.07.11"]
[Round "2.3"]
[White "Murilo, Sergio"]
[Black "Pinon, Antonio"]
[Result "1-0"]
[WhiteElo "1954"]
[BlackElo "1803"]

1. e4 b6 2. g3 Bb7 3. Bg2 e6 4. Nc3 Nf6 5. Qe2 Bb4 6. a3 Bxc3 7. dxc3 Na6 8.
Bg5 h6 9. Bf4 Nc5 10. f3 d6 11. O-O-O e5 12. Bxe5 Qe7 13. Bd4 Ne6 14. Be3
O-O-O 15. Nh3 Kb8 16. Kb1 g5 17. Nf2 Nc5 18. Bd4 Rhe8 19. Rhe1 Nfd7 20. Qd2
Ne5 21. Bxe5 dxe5 22. Qc1 Bc8 23. Nd3 f6 24. Nb4 Bb7 25. Bh3 Ka8 26. Bf5 Qf7
27. g4 Ne6 28. Bxe6 Qxe6 29. Rxd8+ Rxd8 30. Rd1 Rd6 31. Rd3 a5 32. Rxd6 Qxd6
33. Nd3 Bc8 34. Qe1 Be6 35. Nc1 Bc4 36. b3 Bf7 37. Kb2 h5 38. h3 Qd8 39. Qe2
Ka7 40. Qd3 Qc8 41. c4 hxg4 42. hxg4 Be6 43. Ne2 Qh8 44. Nc3 Kb7 45. Nb5 Qf8
46. a4 Kc6 47. Qd2 Qe7 48. Nc3 Qb4 49. Qd8 Bxc4 50. Qxf6+ Kb7 51. Qxe5 {#r}
1-0

[Event "I Memorial Andre Sartori - ALEX 2017"]
[Site "Rio de Janeiro | BRA"]
[Date "2017.07.11"]
[Round "2.5"]
[White "Lima, Juarez"]
[Black "Lima, Alexandre"]
[Result "1-0"]
[WhiteElo "1989"]
[BlackElo "1886"]

1. e4 c5 2. Nf3 e6 3. Be2 Nc6 4. O-O Qc7 5. Nc3 a6 6. d4 cxd4 7. Nxd4 Bc5 8.
Nb3 Be7 9. f4 d6 10. Kh1 Nf6 11. Bf3 O-O 12. a3 Bd7 13. Be3 b5 14. Qe2 Rac8
15. Rfd1 Rfd8 16. Qf2 Rb8 17. h3 Na5 18. e5 Ne8 19. exd6 Bxd6 20. Nxa5 Qxa5
21. Ne4 Be7 22. Ba7 Qc7 23. Bxb8 Rxb8 24. g3 Nf6 25. Nxf6+ Bxf6 26. c3 e5 27.
Bg2 exf4 28. gxf4 Be6 29. Rd2 g6 30. Rad1 Kg7 31. Rd3 Bf5 32. Rd6 a5 33. Qd2
Qc4 34. Rxf6 {#r} 1-0

[Event "I Memorial Andre Sartori - ALEX 2017"]
[Site "Rio de Janeiro | BRA"]
[Date "2017.07.11"]
[Round "2.7"]
[White "Tiomno, Luiz Sergio"]
[Black "Rolim, Carlos"]
[Result "0-1"]
[WhiteElo "1651"]
[BlackElo "1889"]

1. d4 d5 2. g3 c6 3. Bg2 Bf5 4. b3 Nf6 5. Nc3 Nbd7 6. e3 e5 7. Nge2 Bb4 8. Bd2
O-O 9. a3 Ba5 10. O-O e4 11. h3 Bc7 12. Na2 h6 13. Qe1 Nh7 14. h4 Ndf6 15. Nf4
Bxf4 16. exf4 Qd7 17. Kh2 Rfe8 18. Rh1 Ng4+ 19. Kg1 Re6 20. Qf1 e3 21. fxe3
Nxe3 22. Bxe3 Rxe3 23. Bh3 Rxg3+ 24. Bg2 Bxc2 25. Qf2 Rxg2+ 26. Qxg2 Be4 27.
Qg3 Bxh1 28. Kxh1 Nf6 29. Nc3 Re8 30. Rg1 g6 31. Qf3 h5 32. f5 Ng4 33. fxg6
fxg6 34. Rf1 Qe7 35. Qg3 Qe3 36. Rf3 Qxd4 37. Qd6 Re1+ 38. Kg2 Qg1+ 39. Kh3
Qh1+ {#R} 0-1

[Event "I Memorial André Sartori - ALEX 2017"]
[Site "Rio de Janeiro | BRA"]
[Date "2017.07.11"]
[Round "2.8"]
[White "Von Calmbach, Guilherme"]
[Black "Da Costa, Carlos Henrique"]
[Result "0-1"]
[WhiteElo "1787"]
[BlackElo "1623"]

1. e4 e6 2. f4 d5 3. e5 Ne7 4. Nf3 Ng6 5. d4 c5 6. c3 Nc6 7. Bd3 Be7 8. Be3
Bd7 9. Nbd2 cxd4 10. Nxd4 Nxd4 11. Bxg6 fxg6 12. Bxd4 O-O 13. O-O b6 14. g3
Bb5 15. Rf2 Bd3 16. Qf3 Bf5 17. g4 Bc2 18. Nf1 Be4 19. Qh3 Bh4 20. Ng3 Bxg3
21. hxg3 h6 22. g5 h5 23. Qxe6+ Rf7 24. Qh3 Bf5 25. Qh4 Qd7 26. Re1 Re8 27.
Qh1 Be4 28. Qh2 Qf5 29. Rfe2 Qg4 30. Re3 Rxf4 31. Rf1 Rxf1+ 32. Kxf1 Qd1+ 33.
Re1 Bd3+ 34. Kg2 Qxe1 35. Kh3 Bf1+ 36. Kh4 Qe4+ 37. g4 Qxg4# 0-1

[Event "I Memorial Andre Sartori - ALEX 2017"]
[Site "Rio de Janeiro | BRA"]
[Date "2017.07.11"]
[Round "2.9"]
[White "Pereira, Emmanuel"]
[Black "Da Luz, Luiz Alberto"]
[Result "1-0"]
[WhiteElo "1691"]
[BlackElo "1537"]

1. e4 c6 2. d4 d5 3. Nd2 dxe4 4. Nxe4 Bf5 5. Ng3 Bg6 6. Nf3 Nd7 7. Bd3 Bxd3 8.
Qxd3 e6 9. Bf4 Ngf6 10. O-O-O Be7 11. h4 Nd5 12. Bg5 O-O 13. c3 f6 14. Bd2 Qc7
15. Rde1 e5 16. dxe5 fxe5 17. Ne4 Rad8 18. Neg5 N5f6 19. Qc4+ Nd5 20. Ne6 N7b6
21. Qg4 Bg5 22. Nxc7 Bxd2+ 23. Nxd2 Nxc7 24. Qg3 Ncd5 25. Rxe5 Nf4 26. Re7 Rf7
27. Qe3 Rff8 28. Kc2 Nbd5 29. Qe5 Nxe7 30. Qxe7 Rfe8 31. Qxb7 Re2 32. Rd1 Rxf2
33. Qc7 Rf8 34. Rf1 Nd5 35. Qxa7 Rxf1 36. Nxf1 Rxf1 37. Qa8+ Rf8 38. Qxc6 Ne3+
39. Kd3 {#r} 1-0

[Event "I Memorial Andre Sartori - ALEX 2017"]
[Site "Rio de Janeiro | BRA"]
[Date "2017.07.18"]
[Round "3.2"]
[White "Mesquita, Jose Carlos"]
[Black "Lima, Juarez"]
[Result "0-1"]
[WhiteElo "1962"]
[BlackElo "1989"]

1. e4 c5 2. Nf3 Nc6 3. Nc3 e5 4. Bc4 Be7 5. O-O Nf6 6. d3 O-O 7. Nd5 h6 8. h3
d6 9. Be3 Rb8 10. a4 a6 11. Qd2 Kh7 12. Nh2 Nd4 13. c3 Ne6 14. Nxe7 Qxe7 15.
f4 exf4 16. Bxf4 Nxf4 17. Rxf4 Be6 18. Ba2 d5 19. e5 Nh5 20. Rf3 g6 21. g4 Ng7
22. d4 b5 23. Bb1 b4 24. Rf6 Ne8 25. Rf3 bxc3 26. bxc3 cxd4 27. cxd4 Rb4 28.
Bc2 Qb7 29. h4 Qb6 30. Rd1 Rg8 31. h5 Rg7 32. hxg6+ fxg6 33. Rh3 Kg8 34. Qxh6
Rxd4 35. Qh8+ Kf7 36. Rf1+ Rf4+ 37. Kg2 Rxf1 38. Kxf1 Ke7 39. Qf8+ Kxf8 {#R}
0-1

[Event "I Memorial Andre Sartori - ALEX 2017"]
[Site "Rio de Janeiro | BRA"]
[Date "2017.07.18"]
[Round "3.3"]
[White "Araujo, Bernardo"]
[Black "Cruz, Jose Carlos"]
[Result "0-1"]
[WhiteElo "1539"]
[BlackElo "1896"]

1. e4 e5 2. Nf3 Nc6 3. d4 d6 4. dxe5 Bg4 5. Bb5 a6 6. Bxc6+ bxc6 7. exd6 Bxd6
8. Qd4 Bxf3 9. gxf3 Qf6 10. Qxf6 Nxf6 11. Nc3 Bb4 12. Bd2 Nd7 13. a3 Bd6 14.
f4 f6 15. h4 Nb6 16. b3 Kf7 17. Ne2 Rae8 18. f3 c5 19. c4 Rd8 20. Bc3 Rhe8 21.
Kf2 Bf8 22. h5 h6 23. Rhg1 Rd3 24. f5 Red8 25. Rac1 Bd6 26. Rcd1 Rxd1 27. Rxd1
Bg3+ 28. Kxg3 Rxd1 29. f4 Rb1 30. e5 Rxb3 31. e6+ Ke8 32. Kf2 Rxa3 33. Bxf6
gxf6 {#R} 0-1

[Event "I Memorial Andre Sartori - ALEX 2017"]
[Site "Rio de Janeiro | BRA"]
[Date "2017.07.18"]
[Round "3.4"]
[White "Ribeiro Jr., Sairo"]
[Black "Labre, Diogenes"]
[Result "1-0"]
[WhiteElo "1927"]
[BlackElo "1683"]

1. d4 Nf6 2. Nf3 d5 3. e3 Bf5 4. Bd3 Bxd3 5. cxd3 c5 6. Qa4+ Qd7 7. Nc3 Nc6 8.
dxc5 e5 9. O-O Bxc5 10. a3 O-O 11. b4 d4 12. bxc5 dxc3 13. Rd1 Rfd8 14. d4 Qd5
15. Qc2 b6 16. cxb6 axb6 17. Qxc3 e4 18. Nd2 Rac8 19. Qb2 Qh5 20. Re1 Rb8 21.
Nf1 Qd5 22. Bd2 Na5 23. Bb4 Nc4 24. Qb3 Na5 25. Qxd5 Nxd5 26. Nd2 f5 27. Rec1
f4 28. Bxa5 bxa5 29. Nc4 fxe3 30. fxe3 a4 31. Rab1 Rb3 32. Rxb3 axb3 33. Rb1
Rb8 34. Nd2 b2 35. Nc4 Rb3 36. Rxb2 Rxb2 37. Nxb2 Nxe3 38. a4 Nd5 39. a5 Nb4
40. Nc4 Kf8 41. Kf2 {#r} 1-0

[Event "I Memorial Andre Sartori - ALEX 2017"]
[Site "Rio de Janeiro | BRA"]
[Date "2017.07.18"]
[Round "3.5"]
[White "Rolim, Carlos"]
[Black "Faraco, Pedro"]
[Result "0-1"]
[WhiteElo "1889"]
[BlackElo "1464"]

1. d4 Nf6 2. c4 g6 3. Nc3 Bg7 4. e4 d6 5. f3 O-O 6. Be3 e5 7. d5 c6 8. Qd2
cxd5 9. cxd5 a6 10. Bd3 Nbd7 11. Nge2 Kh8 12. O-O Ng8 13. Rac1 Nc5 14. Bb1 f5
15. b4 Nxe4 16. fxe4 f4 17. Bf2 Bh6 18. Qd3 f3 19. gxf3 Bxc1 20. Rxc1 Qg5+ 21.
Kh1 Bg4 22. f4 Qh5 23. Bg3 Rac8 24. Rf1 g5 25. f5 Qh3 26. Rf2 Nf6 27. b5 Nh5
28. Rg2 Nxg3+ 29. Qxg3 Qxg3 30. Rxg3 Bxe2 31. Nxe2 h6 32. bxa6 bxa6 33. Bd3 a5
34. Bb5 Rc2 35. a4 Rfc8 36. Kg2 Kg7 37. Kf2 Rb2 38. h4 Kf6 39. hxg5+ hxg5 40.
Rh3 Kg7 41. Rh5 Kf6 42. Rh6+ Ke7 43. Re6+ Kf7 44. Rxd6 Rh8 45. Re6 Rh2+ 46.
Kf3 Rb3+ 47. Kg4 Rg2+ {#R} 0-1

[Event "I Memorial Andre Sartori - ALEX 2017"]
[Site "Rio de Janeiro | BRA"]
[Date "2017.07.18"]
[Round "3.6"]
[White "Pinon, Antonio"]
[Black "Rabello, David"]
[Result "1-0"]
[WhiteElo "1803"]
[BlackElo "1835"]

1. d4 b6 2. Nf3 Bb7 3. e3 e6 4. Bd3 Nf6 5. O-O Be7 6. Nbd2 O-O 7. b3 Nc6 8. a3
Re8 9. Bb2 Bd6 10. Ne5 Bf8 11. f4 d6 12. Ng4 Nd7 13. Nf3 Ne7 14. Ng5 h6 15.
Bh7+ {#r} 1-0

[Event "I Memorial Andre Sartori - ALEX 2017"]
[Site "Rio de Janeiro | BRA"]
[Date "2017.07.18"]
[Round "3.7"]
[White "Da Costa, Carlos Henrique"]
[Black "Lima, Alexandre"]
[Result "0-1"]
[WhiteElo "1623"]
[BlackElo "1886"]

1. d4 Nf6 2. Bf4 g6 3. e3 Bg7 4. Nf3 O-O 5. Nbd2 d5 6. Be2 c5 7. c3 b6 8. h3
Nc6 9. O-O Bb7 10. Re1 Nd7 11. Qc2 e5 12. dxe5 Ndxe5 13. Nxe5 Nxe5 14. Nf3 Qe7
15. Nxe5 Bxe5 16. Bxe5 Qxe5 17. Bf3 Rfd8 18. Rad1 Rd6 19. Rd2 Rad8 20. Red1
Bc8 21. a4 Bf5 22. Qb3 Be4 23. Bxe4 dxe4 24. Qc2 Rxd2 25. Rxd2 Rxd2 26. Qxd2
Qe6 27. Qc2 Qd5 28. b3 c4 29. b4 f5 30. g3 h5 31. h4 Kf7 32. Qb2 Qd1+ 33. Kh2
Qxa4 34. Qd2 Qc6 35. Qd8 a6 36. Qb8 b5 37. Qh8 Qf6 38. Qxf6+ Kxf6 39. Kg2 Ke5
40. f3 Kd5 41. f4 a5 42. bxa5 b4 43. a6 Kc6 44. cxb4 c3 45. b5+ Kb6 {#R} 0-1

[Event "I Memorial Andre Sartori - ALEX 2017"]
[Site "Rio de Janeiro | BRA"]
[Date "2017.07.18"]
[Round "3.8"]
[White "Da Luz, Luiz Alberto"]
[Black "Von Calmbach, Guilherme"]
[Result "0-1"]
[WhiteElo "1537"]
[BlackElo "1787"]

1. d4 Nf6 2. c4 e6 3. a3 b6 4. Bg5 h6 5. Bh4 Be7 6. Nc3 Bb7 7. Qc2 d5 8. e3
Na6 9. cxd5 Nxd5 10. Bg3 c6 11. Nf3 Rc8 12. Be2 c5 13. O-O cxd4 14. Bb5+ Kf8
15. Nxd4 Nxc3 16. bxc3 Qd5 17. f3 Qc5 18. c4 e5 19. Bxa6 Bxa6 20. Nf5 Bg5 21.
Bf2 g6 22. e4 Qxc4 23. Qxc4 Bxc4 24. Nd6 Rc6 25. Nxc4 Rxc4 26. Rfd1 Ke7 27.
Rd5 Ke6 28. Rad1 Rd8 29. Rxd8 Bxd8 30. Kf1 Bg5 31. h4 Rc1 32. Ke2 Rxd1 33.
Kxd1 Be7 34. a4 Bc5 35. Be1 Be3 36. g4 h5 37. Ke2 Bf4 38. Kd3 Kd6 39. Kc4 Kc6
40. Bc3 a6 41. gxh5 gxh5 42. Be1 Be3 43. Bc3 Bf4 44. Be1 f6 45. Kb3 b5 46. Bf2
Bd2 47. axb5+ axb5 48. Kc2 Bf4 49. Kb3 Bd2 50. Kc2 Ba5 51. Kb3 Bb6 52. Bg3 Be3
53. Be1 Bc5 54. Bg3 Kd6 55. f4 exf4 56. Bxf4+ Ke6 57. Bg3 f5 58. exf5+ Kxf5
59. Be1 Kg4 {#R} 0-1

[Event "I Memorial Andre Sartori - ALEX 2017"]
[Site "Rio de Janeiro | BRA"]
[Date "2017.07.25"]
[Round "4.1"]
[White "Lima, Juarez"]
[Black "Simoes, Leo"]
[Result "0-1"]
[WhiteElo "1989"]
[BlackElo "2047"]

1. e4 c5 2. Nf3 e6 3. c4 Nc6 4. Nc3 Qc7 5. Be2 Nf6 6. O-O Be7 7. d4 cxd4 8.
Nxd4 O-O 9. h3 a6 10. a3 d6 11. b4 Bd7 12. Kh1 Ne5 13. Bb2 Nxc4 14. Bxc4 Qxc4
15. Rc1 Qc7 16. Nd5 Qd8 17. Nxe7+ Qxe7 18. Re1 Rac8 19. Qf3 Rfd8 20. Ne2 e5
21. Ng3 Rxc1 22. Rxc1 Rc8 23. Qd1 g6 24. f3 h5 25. Qd2 h4 26. Nf1 Nh5 27.
Rxc8+ Bxc8 28. Qc3 Be6 29. Bc1 f6 30. Kh2 Qd7 31. Ne3 Nf4 32. Ng4 Bxg4 33.
Bxf4 Be6 34. Be3 Qc6 35. Qd2 Kf7 36. a4 Bc4 37. Bf2 g5 38. Be3 d5 39. exd5
Qxd5 40. Bxg5 fxg5 41. Qxg5 Qd4 42. Qf5+ Ke7 43. Qg5+ Kd7 44. Qg7+ Kc6 45.
Qf6+ Kc7 46. Qe7+ Kb8 47. Qe8+ Ka7 48. Qe7 Bd3 49. a5 e4 50. fxe4 Bxe4 51.
Qxh4 Qxb4 52. Qg5 Qd6+ 53. Kg1 Qd5 54. Qe3+ Kb8 55. Qf4+ Kc8 56. Qf8+ Kd7 57.
Qg7+ Ke6 58. Qg4+ Kf6 59. Qf4+ Qf5 60. Qd6+ Kf7 61. Qc7+ Kg6 62. Qd6+ Qf6 63.
Qg3+ Qg5 64. Qd6+ Kh7 65. Qc7+ Qg7 66. Qh2 Qa1+ 67. Kf2 Qd4+ 68. Ke1 Qc3+ 69.
Ke2 Bd3+ 70. Ke3 Bf5+ 71. Kf2 Qd2+ 72. Kf3 Qxa5 73. Qf4 Qc3+ 74. Kf2 Qc2+ 75.
Kg3 b5 76. Kh2 Qe4 77. Qc7+ Kg6 78. Qg3+ Kf6 79. Qd6+ Qe6 80. Qf8+ Ke5 81.
Qc5+ Ke4 82. Qc2+ Kd5 83. Qa2+ Kc5 84. Qf2+ Kc6 85. Qa7 Qc8 86. Kh1 Bxh3 87.
gxh3 Qxh3+ 88. Kg1 Qg4+ 89. Kf1 Qc4+ 90. Ke1 b4 91. Kd1 b3 92. Qa8+ Kb5 93.
Qe8+ Kb4 94. Qe7+ Kc3 95. Qe1+ Kb2 96. Qe5+ Qc3 97. Qd5 a5 98. Qb5 Ka3 99. Qf5
b2 100. Qb1 a4 101. Ke2 Kb3 102. Kd1 a3 103. Qf5 Qc1+ 104. Ke2 {#R} 0-1

[Event "I Memorial Andre Sartori - ALEX 2017"]
[Site "Rio de Janeiro | BRA"]
[Date "2017.07.24"]
[Round "4.3"]
[White "Faraco, Pedro"]
[Black "Ribeiro Jr., Sairo"]
[Result "0-1"]
[WhiteElo "1464"]
[BlackElo "1927"]

1. d4 d5 2. Bf4 Nf6 3. Nf3 e6 4. Nbd2 c5 5. c3 Nc6 6. h3 Bd6 7. Bxd6 Qxd6 8.
e3 b6 9. Bb5 O-O 10. Bxc6 Qxc6 11. Ne5 Qc7 12. g4 Nd7 13. f4 f6 14. Nxd7 Bxd7
15. h4 e5 16. dxe5 fxe5 17. Nf3 Bc6 18. Nxe5 Bb7 19. Qd3 Rad8 20. O-O-O d4 21.
Rhe1 Kh8 22. Kb1 Bd5 23. e4 Be6 24. Qf3 Qxe5 25. cxd4 cxd4 26. fxe5 Rxf3 {#R}
0-1

[Event "I Memorial Andre Sartori - ALEX 2017"]
[Site "Rio de Janeiro | BRA"]
[Date "2017.07.25"]
[Round "4.5"]
[White "Lima, Alexandre"]
[Black "Pereira, Emmanuel"]
[Result "1-0"]
[WhiteElo "1886"]
[BlackElo "1691"]

1. d4 Nf6 2. Nf3 g6 3. g3 Bg7 4. Bg2 O-O 5. O-O d6 6. c4 c5 7. Nc3 cxd4 8.
Nxd4 a6 9. h3 Nbd7 10. b3 e6 11. e4 Qc7 12. Bb2 Rd8 13. Qd2 Ne5 14. Rad1 Nc6
15. Nxc6 bxc6 16. e5 Ne8 17. exd6 Rxd6 18. Qc2 Bb7 19. Ne4 Rxd1 20. Rxd1 Bxb2
21. Qxb2 Rd8 22. Rxd8 Qxd8 23. Qc2 Qd4 24. b4 Nd6 25. Nxd6 Qxd6 26. b5 Qc7 27.
Qe4 e5 28. bxc6 Bc8 29. c5 Be6 30. Qd3 Kf8 31. Qxa6 f5 32. Qb6 Qxb6 33. cxb6
{#r} 1-0